| 000 | 00877cam a2200277Ia 4500 | ||
|---|---|---|---|
| 001 | 101442 | ||
| 005 | 20230410105229.0 | ||
| 008 | 810727t19141901nyu b 001 0 eng d | ||
| 035 | _a(OCoLC)ocm07616448 | ||
| 040 |
_aTMA _cTMA _dOCLCQ |
||
| 035 | _a(OCoLC)7616448 | ||
| 043 | _ae-sp--- | ||
| 050 | 1 | 4 |
_aDP48 _bH921s 1911 |
| 100 | 1 |
_aHume, Martin Andrew Sharp, _d1847-1910. |
|
| 245 | 1 | 4 |
_aThe Spanish people ; their origin, growth, and influence / _cby Martin A.S. Hume ... with index and bibliography. |
| 260 |
_aNew York : _bD. Appleton and Co., _c1911. |
||
| 300 |
_axix, 535 p. ; _c20 cm. |
||
| 490 | 1 | _aThe Great peoples series | |
| 504 | _aIncludes bibliographical references (p. 517-524). | ||
| 651 | 0 |
_aSpain _xCivilization. |
|
| 651 | 0 |
_aSpain _xHistory. |
|
| 830 | 4 | _aThe Great peoples series. | |
| 942 |
_2lcc _cbk |
||
| 946 | _aMAT | ||
| 994 |
_aC0 _bDRFGD |
||
| 999 |
_c32543 _d32543 |
||